00232nam a22000977a 4500008004100000041000800041080000800049100000700057101000800064245006200072170714b xxu||||| |||| 00| 0 eng d aeng a038 a24 aFJA aWEBSTERS NEW RIVERIDE UNIVERSITY DICTIONARYcADAMS.R